banner-ar

A NEW APPROACH TO WOMEN & THERAPY / (Record no. 18218)

MARC details
000 -الفاتح
حقل البيانات ثابتة الطول 00456nam a2200181Ia 4500
008 - عناصر البيانات ثابتة الطول - معلومات عامة
حقل البيانات ثابتة الطول 140319s9999 xx 000 0 eng d
040 ## - مصدر الفهرسة
وكالة الفهرسة الأصلية GCL /
وكالة النسخ GCL
082 04 - رقم تصنيف ديوى العشرى
رقم التصنيف 616.8914
رقم المادة G N
100 1# - المدخل الرئيسى - إسم شخصى
الإسم الشخصى GREENSPAN, MIRIAM
245 10 - بيان العنوان
العنوان A NEW APPROACH TO WOMEN & THERAPY /
بيان المسئوليه,etc GREENSPAN, MIRIAM
300 ## - الوصف المادى
التعداد 359 PP
650 04 - المدخل الاضافى بالموضوع-مصطلح موضوعى
مصطلح موضوعي WOMEN
650 04 - المدخل الاضافى بالموضوع-مصطلح موضوعى
مصطلح موضوعي FEMINIST THERAPY
650 04 - المدخل الاضافى بالموضوع-مصطلح موضوعى
مصطلح موضوعي MEATAL HEALTH
942 ## - عناصر المدخل الإضافي( كوها)
مصدر التصنيف او مخطط الترفيف Dewey Decimal Classification
Koha [default] item type كتاب
260 ## - PUBLICATION, DISTRIBUTION, ETC. (IMPRINT)
-- [S.N] :
-- TOB BOOKS
Holdings
حالة التراجع حالة الفقد حالة تلف ليس للاعارة المكان المؤقت الموقع الحالى تاريخ الاكتساب اجمالي اﻻعارات رقم الطلب الباركود تاريخ اخر مشاهدة تاريخ تفعيل السعر نوع وعاء كوها
        مكتبة القاهرة الكبرى مكتبة القاهرة الكبرى 03/26/2014   616.8914\G N 33302 03/26/2014 03/26/2014 كتاب

Powered By

EGPV